000 00998nas a2200313 4500
001 BR2021000108
003 BR-BrBNA
005 20231205132135.0
007 ta
008 230509b bl.|||p| |||| 00| 00por d
040 _aBR-BrBNA
_bpor
_cBiblioteca Nacional de Agricultura
041 _a(En)
072 _aL10; L01
100 1 _aPereira, R.J.
100 1 _aAyres, D.R.
100 1 _aSantana Júnior, M.L.
100 1 _aFaro, L.E.
100 1 _aVercesi Filho, A.E.
100 1 _aAlbuquerque, L.G. de
245 1 _aTest-day or 305-day milk yield for genetic evaluation of Gir cattle
650 _aGIR LEITEIRO
650 _aCRIAÇÃO
650 _aREGRESSÃO ALEATÓRIA
650 _aPARÂMETRO GENÉTICO
773 0 _tPesquisa Agropecuária Brasileira (Brazil)
_xISSN 1678-3921
_g(2019), v. 54 p. 1-9
_wBR2021000108
856 4 0 _uhttps://www.scielo.br/j/pab/a/RJKr44QrDnPML4fD8XwnM9y/?format=pdf lang=en
909 _a202311
_bLúcia
_c55
_dLúcia Elande
942 _2AGRIS
_n0
_cANA
999 _c258699
_d258699